Language Quiz

Random Language Quiz
Score 0/10 Timer 05:00
0 Plays Today
% Correct
English
100%
Spanish
89.1%
Mandarin
81%
Arabic
71.5%
Hindi
70.8%
German
70.8%
Portuguese
65%
Russian
62.8%
Japanese
62%
Bengali
34.3%

You're not logged in!

Compare scores with friends on all Sporcle quizzes.
OR
Log In

Sporcle TV

Today on Sporcle TV


Watch our educational content, quiz creation guides, and fun videos on Sporcle TV.

Show Comments

Extras

Created Oct 7, 2009ReportNominate
Tags:native, Native Speakers, Speaker

Top Quizzes Today


Score Distribution

Paid Content

Your Account Isn't Verified!

In order to create a playlist on Sporcle, you need to verify the email address you used during registration. Go to your Sporcle Settings to finish the process.

Report this User

Report this user for behavior that violates our Community Guidelines.

Details: